[Event "FRA-chT2 East 0809"]
[Site "France"]
[Date "2008.12.14"]
[Round "4.8"]
[White "Hourlier, Claire"]
[Black "Damboise, Pierre Olivier"]
[Result "1-0"]
[WhiteElo "1879"]
[BlackElo "1927"]
[PlyCount "87"]
[EventDate "2008.10.19"]
[EventType "team-tourn"]
[EventRounds "11"]
[EventCountry "FRA"]
[SourceTitle "EXT 2010"]
[Source "ChessBase"]
[SourceDate "2010.11.25"]
[SourceVersion "1"]
[SourceVersionDate "2010.11.25"]
[SourceQuality "1"]
[WhiteTeam "Grenoble"]
[BlackTeam "Montrevel en Bresse"]
[WhiteTeamCountry "FRA"]
[BlackTeamCountry "FRA"]

1. e4 e5 2. Nf3 Nf6 3. Bc4 Bc5 4. 0-0 Nc6 5. d4 Bxd4 6. Nxd4 Nxd4 7. f4 Qe7 8. Be3 Nc6 9. Nc3 Qb4 10. Bxf7+ Kd8 11. Bb3 d6 12. a3 Qa5 13. f5 Bd7 14. Bc4 Nd4 15. Bxd4 exd4 16. Qxd4 Re8 17. h3 Qe5 18. Qxe5 Rxe5 19. Rae1 c6 20. g4 h6 21. Bd3 Ke7 22. Re2 Re8 23. Nb1 Kf8 24. Nd2 b5 25. Rfe1 c5 26. Nf3 R5e7 27. e5 dxe5 28. Rxe5 c4 29. Bf1 Bc6 30. Rxe7 Rxe7 31. Rxe7 Kxe7 32. Ne5 Be4 33. Bg2 Kd6 34. Bxe4 Nxe4 35. Nf3 Kd5 36. Kf1 c3 37. b3 a5 38. Ke2 b4 39. axb4 axb4 40. h4 Nf6 41. g5 Ne4 42. Ke3 Nc5 43. f6 gxf6 44. gxf6 1-0

[Event "FRA-chT2 East 0708"]
[Site "France"]
[Date "2008.03.16"]
[Round "9.7"]
[White "Hartmann, Dominique"]
[Black "Damboise, Pierre Olivier"]
[Result "0-1"]
[WhiteElo "1966"]
[BlackElo "1926"]
[PlyCount "126"]
[EventDate "2007.10.21"]
[EventType "team"]
[EventRounds "11"]
[EventCountry "FRA"]
[SourceTitle "EXT 2009"]
[Source "ChessBase"]
[SourceDate "2008.11.26"]
[SourceVersion "1"]
[SourceVersionDate "2008.11.26"]
[SourceQuality "1"]
[WhiteTeam "Metz Fischer II"]
[BlackTeam "Montrevel en Bresse"]
[WhiteTeamCountry "FRA"]
[BlackTeamCountry "FRA"]

1. d4 d5 2. Nf3 Nf6 3. e3 e6 4. Bd3 Bd6 5. Nbd2 Nbd7 6. b3 0-0 7. Bb2 Re8 8. Ne5 a5 9. 0-0 a4 10. c4 c6 11. c5 Bc7 12. f4 Nf8 13. b4 N6d7 14. Qh5 g6 15. Qe2 f6 16. Nxd7 Qxd7 17. Nf3 Qg7 18. Rae1 Bd7 19. a3 Qh6 20. Bc1 Qg7 21. Bb2 Qh6 22. Bc1 Qg7 23. e4 h6 24. exd5 exd5 25. Qc2 Kh7 26. Rxe8 Bxe8 27. Re1 Qd7 28. Qe2 Bf7 29. Qe7 Kg7 30. Qxd7 Nxd7 31. Re7 Rd8 32. Bc2 Kf8 33. Re1 Ra8 34. Nh4 f5 35. Nf3 Nf6 36. Ne5 Ne4 37. g4 Be6 38. Nxg6+ Kg7 39. Ne5 fxg4 40. Bxe4 dxe4 41. Rxe4 Bd5 42. Re1 Re8 43. Kf2 h5 44. Bd2 Bd8 45. Kg3 Re6 46. h3 gxh3 47. Kxh3 Kf6 48. Rg1 Kf5 49. Rg7 Re7 50. Rg5+ Ke4 51. Rxh5 Rg7 52. Rh6 Kxd4 53. Rg6 Rxg6 54. Nxg6 Be6+ 55. Kg3 Kd3 56. Be1 Kc2 57. Nh4 Kb2 58. Kf3 Kxa3 59. f5 Bf7 60. Ng6 Bf6 61. Kf4 Kb3 62. Ne5 a3 63. Nd3 Kc2 0-1

[Event "FRA-chT2 East 0708"]
[Site "France"]
[Date "2007.11.24"]
[Round "2.8"]
[White "Damboise, Pierre Olivier"]
[Black "Mametov, Bakhtiiar"]
[Result "1-0"]
[WhiteElo "1935"]
[BlackElo "1810"]
[PlyCount "67"]
[EventDate "2007.10.21"]
[EventType "team"]
[EventRounds "11"]
[EventCountry "FRA"]
[SourceTitle "EXT 2009"]
[Source "ChessBase"]
[SourceDate "2008.11.26"]
[SourceVersion "1"]
[SourceVersionDate "2008.11.26"]
[SourceQuality "1"]
[WhiteTeam "Montrevel en Bresse"]
[BlackTeam "Strasbourg II"]
[WhiteTeamCountry "FRA"]
[BlackTeamCountry "FRA"]

1. e4 c5 2. Nf3 d6 3. c3 Nf6 4. Bd3 e6 5. Bc2 Nc6 6. 0-0 Be7 7. Re1 e5 8. d3 Be6 9. Nbd2 a6 10. h3 0-0 11. Nf1 Re8 12. Ne3 Bf8 13. Nh2 g6 14. Nhg4 Bg7 15. Qf3 Nxg4 16. hxg4 Rf8 17. g3 Qf6 18. Qe2 Qe7 19. Kg2 Qd7 20. Rh1 d5 21. Bd2 d4 22. Nf5 Bxf5 23. gxf5 f6 24. Bb3+ Rf7 25. Be6 Qe7 26. Qg4 Nd8 27. Bd5 g5 28. cxd4 cxd4 29. Rac1 h6 30. f4 Kh8 31. fxg5 fxg5 32. Bxg5 Bf6 33. Rxh6+ Rh7 34. Bxf6+ 1-0

[Event "FRA-chT2 East 0607"]
[Site "France"]
[Date "2007.03.31"]
[Round "10.8"]
[White "Damboise, Pierre Olivier"]
[Black "Genzling, Sylvie"]
[Result "1/2-1/2"]
[WhiteElo "1923"]
[BlackElo "1911"]
[PlyCount "48"]
[EventDate "2006.10.15"]
[EventType "team"]
[EventRounds "11"]
[EventCountry "FRA"]
[SourceTitle "EXT 2008"]
[Source "ChessBase"]
[SourceDate "2007.11.25"]
[SourceVersion "1"]
[SourceVersionDate "2007.11.25"]
[SourceQuality "1"]
[WhiteTeam "Montrevel en Bresse"]
[BlackTeam "Bischwiller II"]
[WhiteTeamCountry "FRA"]
[BlackTeamCountry "FRA"]

1. e4 e6 2. d4 d5 3. exd5 exd5 4. Bd3 Nf6 5. Ne2 Bd6 6. Bf4 0-0 7. 0-0 Nc6 8. c3 Ne7 9. Nd2 Bf5 10. Qc2 Bxd3 11. Qxd3 Ng6 12. Bxd6 Qxd6 13. f4 Rfe8 14. f5 Nf8 15. Ng3 Re7 16. Rae1 Rae8 17. Rxe7 Rxe7 18. Nf3 N8d7 19. Re1 c6 20. Re2 h6 21. Nd2 Nb6 22. Nf3 Nbd7 23. Nd2 Nb6 24. Nf3 Nbd7 1/2-1/2

[Event "FRA-chT2 East 0607"]
[Site "France"]
[Date "2007.02.11"]
[Round "7.6"]
[White "Damboise, Pierre Olivier"]
[Black "Bangnoi, Alexandre"]
[Result "1/2-1/2"]
[WhiteElo "1923"]
[BlackElo "2084"]
[PlyCount "71"]
[EventDate "2006.10.15"]
[EventType "team"]
[EventRounds "11"]
[EventCountry "FRA"]
[SourceTitle "EXT 2008"]
[Source "ChessBase"]
[SourceDate "2007.11.25"]
[SourceVersion "1"]
[SourceVersionDate "2007.11.25"]
[SourceQuality "1"]
[WhiteTeam "Montrevel en Bresse"]
[BlackTeam "Belfort"]
[WhiteTeamCountry "FRA"]
[BlackTeamCountry "FRA"]

1. e4 c5 2. Nf3 d6 3. c3 Nf6 4. Bd3 Nc6 5. Bc2 Bg4 6. d3 e5 7. Nbd2 Be7 8. 0-0 0-0 9. Re1 Qc7 10. h3 Bh5 11. Nf1 d5 12. Ng3 Bg6 13. Qe2 Rfe8 14. Bg5 dxe4 15. dxe4 Nh5 16. Nf5 Bxg5 17. Nxg5 Nf4 18. Qg4 Rad8 19. Rad1 Rxd1 20. Rxd1 Bh5 21. Qh4 h6 22. Nf3 Re6 23. Kf1 Bxf3 24. gxf3 Qb6 25. Bb3 Qa6+ 26. c4 Qb6 27. Rd7 Na5 28. Qg4 Ng6 29. h4 Nxb3 30. axb3 h5 31. Qg5 Re8 32. Qxh5 Rd8 33. Ne7+ Nxe7 34. Rxe7 g6 35. Qxe5 Qxb3 36. Re8+ 1/2-1/2

[Event "FRA-chT2D 0506"]
[Site "France"]
[Date "2006.03.11"]
[Round "8.7"]
[White "Damboise, Pierre Olivier"]
[Black "Julve, Philippe"]
[Result "1/2-1/2"]
[WhiteElo "1935"]
[BlackElo "2230"]
[PlyCount "37"]
[EventDate "2005.10.27"]
[EventType "team-tourn"]
[EventRounds "11"]
[EventCountry "FRA"]
[SourceTitle "EXT 2006"]
[Source "ChessBase"]
[SourceDate "2005.11.24"]
[SourceVersion "1"]
[SourceVersionDate "2005.11.24"]
[SourceQuality "1"]
[WhiteTeam "Montrevel en Bresse"]
[BlackTeam "Lille"]
[WhiteTeamCountry "FRA"]
[BlackTeamCountry "FRA"]

1. e4 g6 2. d4 Bg7 3. f4 d6 4. Nf3 c6 5. Bd3 Bg4 6. c3 e5 7. fxe5 dxe5 8. 0-0 Nd7 9. Bc4 Ngf6 10. Qb3 0-0 11. Ng5 Qe7 12. Qxb7 Rab8 13. Qxa7 Ra8 14. Qb7 Rfb8 15. Qxc6 Rc8 16. Qb7 Rcb8 17. Qc6 Rc8 18. Qb7 Rcb8 19. Qc6 1/2-1/2

[Event "FRA-chT2D 0506"]
[Site "France"]
[Date "2005.11.19"]
[Round "2.8"]
[White "Damboise, Pierre Olivier"]
[Black "Warter, Siegfried"]
[Result "0-1"]
[WhiteElo "1926"]
[BlackElo "2133"]
[PlyCount "70"]
[EventDate "2005.10.27"]
[EventType "team-tourn"]
[EventRounds "11"]
[EventCountry "FRA"]
[SourceTitle "EXT 2006"]
[Source "ChessBase"]
[SourceDate "2005.11.24"]
[SourceVersion "1"]
[SourceVersionDate "2005.11.24"]
[SourceQuality "1"]
[WhiteTeam "Montrevel en Bresse"]
[BlackTeam "Nancy"]
[WhiteTeamCountry "FRA"]
[BlackTeamCountry "FRA"]

1. e4 c5 2. Nf3 d6 3. c3 e6 4. Bd3 Be7 5. Bc2 Nd7 6. 0-0 Qc7 7. a4 b6 8. d4 Bb7 9. Re1 h6 10. Nbd2 Rc8 11. Nf1 cxd4 12. Nxd4 Ngf6 13. Nb5 Qb8 14. Bf4 e5 15. Bg3 a6 16. Na3 0-0 17. f3 Nh5 18. Bf2 Nf4 19. Ne3 Rfd8 20. Nf5 Bf8 21. Bh4 Re8 22. Bb3 g6 23. Ne3 Nc5 24. Ba2 Bc6 25. b3 b5 26. axb5 axb5 27. Nac2 Qb7 28. Nb4 Nxe4 29. Nxc6 Nxc3 30. Na5 Qb6 31. Qd2 Qxa5 32. b4 Qxb4 33. g3 Qd4 34. Qxd4 exd4 35. Ng2 Nxg2 0-1

[Event "Lyon op"]
[Site "Lyon"]
[Date "2005.04.22"]
[Round "8"]
[White "Vutton, S."]
[Black "Damboise, Pierre Olivier"]
[Result "1-0"]
[WhiteElo "2095"]
[BlackElo "1950"]
[PlyCount "34"]
[EventDate "2005.04.16"]
[EventType "swiss"]
[EventRounds "9"]
[EventCountry "FRA"]
[SourceTitle "CBM 105 Extra"]
[Source "ChessBase"]
[SourceDate "2005.05.01"]
[SourceVersion "1"]
[SourceVersionDate "2005.05.01"]
[SourceQuality "1"]

1. e4 c5 2. d4 cxd4 3. Nf3 d6 4. Nxd4 Nf6 5. Nc3 a6 6. Bc4 e6 7. Bg5 Be7 8. Bb3 Nxe4 9. Bxe7 Nxc3 10. Bxd8 Nxd1 11. Bc7 Nxb2 12. Bxd6 b5 13. Rb1 Kd7 14. Bxb8 Nc4 15. Bxc4 bxc4 16. 0-0 f6 17. Rfe1 e5 1-0

[Event "Lyon op"]
[Site "Lyon"]
[Date "2005.04.17"]
[Round "2"]
[White "Safranska, Anda"]
[Black "Damboise, Pierre Olivier"]
[Result "1-0"]
[WhiteElo "2298"]
[BlackElo "1950"]
[PlyCount "68"]
[EventDate "2005.04.16"]
[EventType "swiss"]
[EventRounds "9"]
[EventCountry "FRA"]
[SourceTitle "CBM 105 Extra"]
[Source "ChessBase"]
[SourceDate "2005.05.01"]
[SourceVersion "1"]
[SourceVersionDate "2005.05.01"]
[SourceQuality "1"]

1. e4 c5 2. Nf3 d6 3. Bc4 e6 4. 0-0 Nf6 5. d3 a6 6. Bb3 Nc6 7. c3 b5 8. Re1 Be7 9. Nbd2 h5 10. d4 cxd4 11. cxd4 Ng4 12. Nf1 Na5 13. Bc2 Bd7 14. h3 Nf6 15. Ne3 Rc8 16. e5 Nh7 17. exd6 Bxd6 18. Ne5 Nf6 19. Bd2 Nc6 20. Nxd7 Qxd7 21. d5 Nd4 22. dxe6 fxe6 23. Bg6+ Kf8 24. Bc3 Rh6 25. Bxd4 Rxg6 26. Bxf6 gxf6 27. Qxh5 Kg7 28. Qf3 Be5 29. Rad1 Qc7 30. Ng4 Bxb2 31. Rxe6 Qa7 32. Qe2 Ba3 33. Qd3 Be7 34. Qd7 Rc7 1-0